[Event "Warsaw Najdorf Memorial op-B"]
[Site "Warsaw"]
[Date "2021.07.11"]
[Round "2"]
[White "Andersen, Martin K"]
[Black "Grunas, Jakub"]
[Result "0-1"]
[WhiteElo "1556"]
[BlackElo "1301"]
[PlyCount "128"]
[EventDate "2021.07.10"]
[EventType "swiss"]
[EventRounds "9"]
[EventCountry "POL"]
[SourceTitle "EXT 2022"]
[Source "ChessBase"]
[SourceDate "2021.10.06"]
[SourceVersion "1"]
[SourceVersionDate "2021.10.06"]
[SourceQuality "1"]

1. d4 d5 2. c4 c6 3. Nc3 Nf6 4. Nf3 dxc4 5. a4 Bf5 6. e3 Nbd7 7. Bxc4 e6 8. 0-0 Bb4 9. Qb3 a5 10. Bd2 Bg4 11. Ne1 Nb6 12. Nc2 Nxc4 13. Qxc4 Bd6 14. e4 Bc7 15. Bg5 h6 16. Bh4 g5 17. Bg3 0-0 18. f4 Nh5 19. Ne3 Nxg3 20. hxg3 Bh5 21. f5 Bxg3 22. fxe6 Bf4 23. Nf5 Qf6 24. d5 cxd5 25. Nxd5 Qxe6 26. Rxf4 gxf4 27. Rf1 f3 28. Qd4 f6 29. Nf4 Qe8 30. Nxh6+ Kh7 31. Nxh5 Qxh5 32. Rxf3 Rad8 33. Qe3 Rd1+ 34. Kf2 Rfd8 35. Rh3 R8d2+ 36. Kg3 Qxh3+ 37. gxh3 Rd3 38. Nf5 Rxe3+ 39. Nxe3 Rd4 40. b3 Rxe4 41. Nc4 Kg6 42. Nxa5 Rb4 43. Kf2 b6 44. Nc4 Rxb3 45. Ne3 Kg5 46. Nd5 f5 47. Kg2 Kh4 48. Ne7 Rb2+ 49. Kf3 Kxh3 50. Nxf5 Rb4 51. Ke3 Rxa4 52. Kd3 Ra5 53. Nd4 Rc5 54. Nb3 Rc8 55. Nd2 b5 56. Kd4 Kg4 57. Ne4 b4 58. Nd2 Kf4 59. Nc4 b3 60. Nb2 Kf3 61. Kd3 Kf2 62. Na4 Ke1 63. Nb2 Rc2 64. Na4 Kd1 0-1

[Event "Trondheim op-A"]
[Site "Trondheim"]
[Date "2021.06.17"]
[Round "6"]
[White "Andersen, Martin K"]
[Black "Hjerpbakk, Terje"]
[Result "0-1"]
[WhiteElo "1556"]
[BlackElo "1385"]
[PlyCount "92"]
[EventDate "2021.05.10"]
[EventType "tourn"]
[EventRounds "7"]
[EventCountry "NOR"]
[SourceTitle "EXT 2024"]
[Source "ChessBase"]
[SourceDate "2023.10.10"]
[SourceVersion "1"]
[SourceVersionDate "2023.10.10"]
[SourceQuality "1"]

1. d4 d5 2. c4 e6 3. g3 Nf6 4. Bg2 Bb4+ 5. Bd2 Be7 6. Nc3 0-0 7. cxd5 exd5 8. Nf3 c6 9. 0-0 Bf5 10. Nh4 Be6 11. Bg5 Re8 12. Qd2 Nbd7 13. a3 a6 14. Rac1 h6 15. Bxf6 Bxf6 16. Nf3 Bf5 17. Rfe1 Nb6 18. b3 Qd6 19. Qb2 Re7 20. e3 Rae8 21. Ne2 Qd7 22. Nf4 g5 23. Ne2 Bh3 24. Qc2 Bxg2 25. Kxg2 Qd6 26. Qc5 Qd8 27. Red1 Nc8 28. Qc2 Nd6 29. Rh1 Qd7 30. h4 g4 31. Nd2 Nf5 32. Nf4 Rxe3 33. Qd1 Rxg3+ 34. Kf1 Bxd4 35. Nh5 Ne3+ 36. fxe3 Qf5+ 37. Nf4 Rexe3 38. Rh2 Qxf4+ 39. Rf2 Qe5 40. Rc2 Rd3 41. Qe2 Rde3 42. Qd1 Qe6 43. Rc1 Rd3 44. Qe2 Rge3 45. Qd1 g3 46. Rg2 Qf5+ 0-1